000 00204nam a2200109Ia 4500
100 _a#N/A
942 _cBK
654 _amaya 6
245 _aMaya 6 Personal Learning
260 _b#N/A
546 _aENGLISH
999 _c34078
_d34078